000 00483nam a22001817a 4500
003 MPLRDC
005 20220104142839.0
008 210129b ||||| |||| 00| 0 eng d
082 _a494.07 XDQG
100 _a现代企业经营管理公司编辑部
245 _a现代督导. 领班人员实务讲座
_c
250 _a再版
260 _a
_b现代企业经营管理公司
_c1974
300 _b
490 _a现代企业选书;9
650 _a
942 _cBK
_o494.07 XDQG
999 _c34197
_d34187